Statistiques concernant Les animaux nationaux

Cliquez ici pour prendre le quiz!

Statistiques générales

  • Ce quiz a été pris 108 fois
  • Le résultat moyen est 5 sur 12

Statistiques - réponses

PaysAnimal% Correct
AllemagneAigle noir
90%
MexiqueAigle royal
90%
Kangourou
81%
Lion
54%
BengladeshTigre du Bengale
49%
ThailandeÉléphant
48%
CanadaCastor
33%
BelgiqueCoq gaulois
29%
Émirats arabes unisFaucon pélerin
23%
SuisseMarmotte
23%
Bison
11%
Royaume UniRouge-gorge familier
2%

Distribution des résultats

Percentile par nombre de réponses

% des personnes avec chaque résultat

Votre développement - résultats

Vous n’avez pas pris ce quiz